Henry's Clinical Diagnosis and Management by Laboratory Methods (Record no. 875)
[ view plain ]
| 000 -LEADER | |
|---|---|
| fixed length control field | 00955cam a22002898a 4500 |
| 001 - CONTROL NUMBER | |
| control field | 14429738 |
| 003 - CONTROL NUMBER IDENTIFIER | |
| control field | OSt |
| 005 - DATE AND TIME OF LATEST TRANSACTION | |
| control field | 20200115112549.0 |
| 008 - FIXED-LENGTH DATA ELEMENTS--GENERAL INFORMATION | |
| fixed length control field | 060627s2007 pau b 001 0 eng |
| 020 ## - INTERNATIONAL STANDARD BOOK NUMBER | |
| International Standard Book Number | 9781437709742 |
| 035 ## - SYSTEM CONTROL NUMBER | |
| System control number | (DNLM)101280889 |
| 040 ## - CATALOGING SOURCE | |
| Original cataloging agency | DNLM/DLC |
| Transcribing agency | DLC |
| Modifying agency | DLC |
| 042 ## - AUTHENTICATION CODE | |
| Authentication code | pcc |
| 082 00 - DEWEY DECIMAL CLASSIFICATION NUMBER | |
| Classification number | QY25 R381h 2011 |
| Edition number | 22 |
| 100 ## - MAIN ENTRY--PERSONAL NAME | |
| Personal name | McPherson, Richard A.; Pincus, Matthew R. |
| 9 (RLIN) | 433 |
| 245 00 - TITLE STATEMENT | |
| Title | Henry's Clinical Diagnosis and Management by Laboratory Methods |
| 250 ## - EDITION STATEMENT | |
| Edition statement | 22nd ed. |
| 260 ## - PUBLICATION, DISTRIBUTION, ETC. (IMPRINT) | |
| Place of publication, distribution, etc. | Philadelphia : |
| Name of publisher, distributor, etc. | Elsevier Saunders , |
| Date of publication, distribution, etc. | c2011. |
| 263 ## - PROJECTED PUBLICATION DATE | |
| Projected publication date | 0608 |
| 300 ## - PHYSICAL DESCRIPTION | |
| Extent | xxi,1543p. : |
| Dimensions | 27 cm. |
| Other physical details | col.ill; |
| 504 ## - BIBLIOGRAPHY, ETC. NOTE | |
| Bibliography, etc | Includes bibliographical references and index. |
| 650 12 - SUBJECT ADDED ENTRY--TOPICAL TERM | |
| Topical term or geographic name as entry element | Clinical laboratory techniques. |
| 9 (RLIN) | 2371 |
| 730 0# - ADDED ENTRY--UNIFORM TITLE | |
| Uniform title | Clinical diagnosis and management by laboratory methods. |
| 9 (RLIN) | 2372 |
| 906 ## - LOCAL DATA ELEMENT F, LDF (RLIN) | |
| a | 7 |
| b | cbc |
| c | orignew |
| d | 1 |
| e | ocip |
| f | 20 |
| g | y-gencatlg |
| 942 ## - ADDED ENTRY ELEMENTS (KOHA) | |
| Source of classification or shelving scheme | Other/Generic Classification Scheme |
| Koha item type | Short Loan |
| Withdrawn status | Lost status | Source of classification or shelving scheme | Damaged status | Not for loan | Home library | Current library | Date acquired | Source of acquisition | Inventory number | Total Checkouts | Full call number | Barcode | Date last seen | Koha item type |
|---|---|---|---|---|---|---|---|---|---|---|---|---|---|---|
| Other/Generic Classification Scheme | MUST Main Library | MUST Main Library | 13/01/2015 | Purchase | 12/35918 | QY25 R381h 2011 | 2015-0060 | 13/01/2015 | Short Loan | |||||
| Other/Generic Classification Scheme | MUST Main Library | MUST Main Library | 13/01/2015 | Purchase | 12/35921 | QY25 R381h 2011 | 2015-0061 | 13/01/2015 | Short Loan |
